| 000 | 00660nam a2200217Ia 4500 | ||
|---|---|---|---|
| 005 | 20241129104250.0 | ||
| 008 | 241129s9999||||xx |||||||||||||| ||und|| | ||
| 020 | _a9780295749648 | ||
| 037 | _aTextual | ||
| 040 |
_aRTL _beng _cRTL |
||
| 041 |
_aeng _2eng |
||
| 084 |
_aY73(Q7).2 R2 _qRTL |
||
| 100 |
_aVerstappen Sanderien _9725499 |
||
| 245 | 0 |
_aNew lives in Anand: Building a Muslim hub in Western India _cVerstappen Sanderien |
|
| 260 |
_aSeattle _bUniversity of Washington Press _c2022 |
||
| 300 | _axvi,183p. | ||
| 365 |
_aINR _bRs.2671.68 |
||
| 650 | _aMuslims- India | ||
| 942 |
_cTB _hY73(Q7).2 R2 |
||
| 999 |
_c1225130 _d1225130 |
||